Bàn về nhà nước và pháp luật

Đã lưu trong:
Sonraí Bibleagrafaíochta
Príomhúdar: Hồ Chí Minh
Formáid: Leabhar
Foilsithe: H. Chính trị quốc gia 2005
Eagrán:In lần thứ 2
Ábhair:
Clibeanna: Cuir Clib Leis
Gan Chlibeanna, Bí ar an gcéad duine leis an taifead seo a chlibeáil!
Thư viện lưu trữ: Trung tâm Học liệu Lê Vũ Hùng, Trường Đại học Đồng Tháp
LEADER 00675pam a22001938a 4500
001 00000695
005 20171026081022.0
008 110323s2005 ||||||Viesd
041 0 # |a Vie 
082 1 4 |a 320.459 7  |b B105V 
100 0 # |a Hồ Chí Minh 
245 0 0 |a Bàn về nhà nước và pháp luật  |c Hồ Chí Minh 
250 # # |a In lần thứ 2 
260 # # |a H.  |b Chính trị quốc gia  |c 2005 
653 # # |a Nhà nước  |a Pháp luật  |a Tư tưởng Hồ Chí Minh 
852 # # |b Kho đọc  |j KD.0000830 
852 # # |j KD.0000830 
910 |d 23/03/2011 
980 # # |a Trung tâm Học liệu Lê Vũ Hùng, Trường Đại học Đồng Tháp